<?xml version="1.0" encoding="UTF-8"?>
<collection xmlns:xsi="http://www.w3.org/2001/XMLSchema-instance" xsi:schemaLocation="http://www.loc.gov/MARC21/slim http://www.loc.gov/standards/marcxml/schema/MARC21slim.xsd" xmlns="http://www.loc.gov/MARC21/slim">
 <record>
  <leader>00000ntm a22000003i 4500</leader>
  <controlfield tag="001">UP-8027390931311452570</controlfield>
  <controlfield tag="003">Buklod</controlfield>
  <controlfield tag="005">20250130131337.0</controlfield>
  <controlfield tag="006">m    |o  d |      </controlfield>
  <controlfield tag="007">cr |||||||||||</controlfield>
  <controlfield tag="008">241211s2024    ph a aagr    |||0 ||eng|d</controlfield>
  <datafield tag="035" ind1=" " ind2=" ">
   <subfield code="a">(Buklod)UP-8027390931311452271</subfield>
  </datafield>
  <datafield tag="040" ind1=" " ind2=" ">
   <subfield code="a">DENGII</subfield>
   <subfield code="e">rda</subfield>
  </datafield>
  <datafield tag="041" ind1=" " ind2=" ">
   <subfield code="a">eng</subfield>
  </datafield>
  <datafield tag="090" ind1=" " ind2=" ">
   <subfield code="a">LG 995 2024 E63</subfield>
   <subfield code="b">B84</subfield>
  </datafield>
  <datafield tag="100" ind1="1" ind2=" ">
   <subfield code="a">Buensuceso, Benjamin B.</subfield>
   <subfield code="c">III</subfield>
   <subfield code="e">author.</subfield>
  </datafield>
  <datafield tag="245" ind1="1" ind2="0">
   <subfield code="a">Empirical methods for predicting precast jacked pile capacity - case studies in the Philippines</subfield>
   <subfield code="c">thesis by Benjamin B. Buensuceso III; Alexis A. Acacio, adviser.</subfield>
  </datafield>
  <datafield tag="264" ind1=" " ind2="1">
   <subfield code="a">Quezon City</subfield>
   <subfield code="b">College of Engineering, University of the Philippines Diliman</subfield>
   <subfield code="c">2024.</subfield>
  </datafield>
  <datafield tag="300" ind1=" " ind2=" ">
   <subfield code="a">124 leaves</subfield>
   <subfield code="b">illustrations</subfield>
   <subfield code="c">28 cm</subfield>
  </datafield>
  <datafield tag="336" ind1=" " ind2=" ">
   <subfield code="a">text</subfield>
   <subfield code="2">rdacontent</subfield>
  </datafield>
  <datafield tag="337" ind1=" " ind2=" ">
   <subfield code="a">unmediated</subfield>
   <subfield code="2">rdacontent</subfield>
  </datafield>
  <datafield tag="338" ind1=" " ind2=" ">
   <subfield code="a">volume</subfield>
   <subfield code="2">rdacarrier</subfield>
  </datafield>
  <datafield tag="502" ind1=" " ind2=" ">
   <subfield code="a">Thesis (MS. Civil Engineering)--University of the Philippines Diliman</subfield>
   <subfield code="d">2024.</subfield>
  </datafield>
  <datafield tag="506" ind1=" " ind2=" ">
   <subfield code="a">F- no patentable invention or creation, not for personal publication and no confidential information.</subfield>
  </datafield>
  <datafield tag="506" ind1=" " ind2=" ">
   <subfield code="a">Yes - available to the general public.</subfield>
  </datafield>
  <datafield tag="650" ind1=" " ind2="0">
   <subfield code="a">Piling</subfield>
   <subfield code="b">Civil engineering.</subfield>
  </datafield>
  <datafield tag="650" ind1=" " ind2="0">
   <subfield code="a">Construction equipment.</subfield>
  </datafield>
  <datafield tag="650" ind1=" " ind2="0">
   <subfield code="a">Soils.</subfield>
  </datafield>
  <datafield tag="700" ind1="1" ind2=" ">
   <subfield code="a">Acacio, Alexis A.</subfield>
   <subfield code="e">adviser.</subfield>
  </datafield>
  <datafield tag="905" ind1=" " ind2=" ">
   <subfield code="a">FI</subfield>
  </datafield>
  <datafield tag="905" ind1=" " ind2=" ">
   <subfield code="a">UP</subfield>
  </datafield>
  <datafield tag="852" ind1="0" ind2=" ">
   <subfield code="a">UPD</subfield>
   <subfield code="b">DENG-II</subfield>
   <subfield code="h">LG 995 2024 E63</subfield>
   <subfield code="i">B84</subfield>
  </datafield>
  <datafield tag="856" ind1="4" ind2="0">
   <subfield code="y">Abstract</subfield>
   <subfield code="u">https://drive.google.com/file/d/1FRfQLCmGYuSFH9CxaI9V2lpP28dr_r6F/view</subfield>
   <subfield code="q">application/pdf</subfield>
   <subfield code="s">59.54 Kb</subfield>
   <subfield code="z">Open Access</subfield>
   <subfield code="7">0</subfield>
  </datafield>
  <datafield tag="942" ind1=" " ind2=" ">
   <subfield code="a">Thesis</subfield>
  </datafield>
 </record>
</collection>
